Netradičné formy ochrany domáceho trhu

Netarifné prekážky obchodu (NPO) - rôzne druhy opatrení NPO. Využívanie NPO navonok i vovnútri EÚ. Prehľad doterajšieho zavádzania netarifných opatrení v SR. Netarifná ochrana SR v rokoch 1997-2001.

Saved in:
Bibliographic Details
Main Author: Kostolanský, Rudolf
Format: Book Chapter
Language:Slovak
Subjects:
Tags: Add Tag
No Tags, Be the first to tag this record!

MARC

LEADER 00000naa a2200000 4500
001 r047871
005 20231002114927.2
041 0 |a slo 
044 |a SK 
245 1 0 |a Netradičné formy ochrany domáceho trhu  |c Rudolf Kostolanský 
520 |a Netarifné prekážky obchodu (NPO) - rôzne druhy opatrení NPO. Využívanie NPO navonok i vovnútri EÚ. Prehľad doterajšieho zavádzania netarifných opatrení v SR. Netarifná ochrana SR v rokoch 1997-2001. 
610 2 0 |a ochrana trhu 
610 2 0 |a trh vnútorný 
610 2 0 |a obchod vnútorný 
610 2 0 |a úpravy právne 
610 2 0 |a Slovensko 
610 2 0 |a Európska únia 
100 1 |a Kostolanský, Rudolf